Breve historia de Chihuahua / (Record no. 85988)

MARC details
000 -LEADER
fixed length control field 00540cam a2200193 4500
008 - FIXED-LENGTH DATA ELEMENTS--GENERAL INFORMATION
fixed length control field 1994 spa
020 ## - INTERNATIONAL STANDARD BOOK NUMBER
International Standard Book Number 968-16-4539-1
050 #4 - LIBRARY OF CONGRESS CALL NUMBER
Classification number F1261
Item number .5 A25 1994
100 1# - MAIN ENTRY--PERSONAL NAME
Personal name Aboites, Luis
245 #0 - TITLE STATEMENT
Title Breve historia de Chihuahua /
Statement of responsibility, etc Luis Aboites.
260 ## - PUBLICATION, DISTRIBUTION, ETC. (IMPRINT)
Place of publication, distribution, etc México :
Name of publisher, distributor, etc Fondo de Cultura Económica,
Date of publication, distribution, etc 1994
300 ## - PHYSICAL DESCRIPTION
Extent 186 p. ;
Dimensions 23 cm.
500 ## - GENERAL NOTE
General note 1 ejemplar
504 ## - BIBLIOGRAPHY, ETC. NOTE
Bibliography, etc Bibliografía: p. 177-184
505 ## - FORMATTED CONTENTS NOTE
Formatted contents note Proyecto FOMES 2000
942 ## - ADDED ENTRY ELEMENTS (KOHA)
Source of classification or shelving scheme Biblioteca del Cogreso de los Estados Unidos
Koha item type Libro
Holdings
Estado de pérdida Fuente de clasificación Estado del daño No para préstamo Ubicación permanente Ubicación actual Apartado o colección Fecha de adquisición Área del conocimiento Clasificación Código de Barras Date last seen Número de copia Tipo de recurso
  Biblioteca del Cogreso de los Estados Unidos     Biblioteca del Instituto de Investigaciones Históricas Biblioteca del Instituto de Investigaciones Históricas General 23/04/2018 Ciencias Sociales y Administrativas F1261 .5 A25 1994 IIH000020174 23/04/2018 C:1 Libro